00481nam a2200169 a 45000010010000000030011000100080041000210200015000620350026000771000021001032450062001242600046001863000014002325000017002466500018002638560030002810001-1182ELIB.Books150508 2010 eng  a0802841503 a(ELIB.Books)0001-1337 aHamlin, E. John. aSurely There Is a FuturebA Commetary on the Book of Ruth aGrand RapidsbWm. B. Publishing Co.c1996 a82c21 Cm aC/o Moe Lwei aOld Testament nKBTS: LibraryuKBTS: Elib